000 00881nam a2200289Ia 4500
008 181129s9999 xx 000 0 und d
020 _a9789715697880
050 _bA244 2013
100 _aAdvincula, Jake
245 0 _aMy father, the "soldier" /
245 0 _cby Jake Advincula ; edited by Nina Macaraig-Gamboa ; illustrated by Aurora Morealis and Gutch Gutierrez.
260 _aMakati, Philippines :
260 _bBookmark,
260 _c2013
300 _a16 pages :
300 _bcolor illustrations ;
300 _c25cm.
440 _aModern heroes for the Filipino youth.
650 _aAbad Santos, Jose, 1886-1942.
650 _aJudges --
650 _aPhilippine literature for kids.
650 _xPhilippines -- Biography.
700 _aGutierrez, Gutch.
700 _aMacaraig-Gamboa, Nina.
700 _aMorealis, Aurora.
700 _aTitle.
999 _c360205
_d360205